Hunter x Hunter characters by emojis - Statistics

General Stats
  • This quiz has been taken 570 times
  • The average score is 13 of 20
Answer Stats
Hint Answer % Correct
๐Ÿ‘Š๐Ÿป๐Ÿซฑ๐ŸปโœŒ๐Ÿป๐Ÿชจ๐Ÿ“„โœ‚๏ธ๐ŸŽฃ Gon
100%
๐Ÿช€โšกโšกโšก๐ŸŒฉ๏ธ๐Ÿƒ๐Ÿปโ€โ™‚๏ธ Killua
100%
๐Ÿ‘๏ธ๐Ÿ‘๏ธโ›“๏ธโœ๏ธ๐Ÿ’‰๐Ÿฌ Kurapika
96%
๐Ÿคก๐ŸŽดโ™ฅ๏ธโ™ฃ๏ธโ™ฆ๏ธโ™ ๏ธ๐Ÿ•ท๏ธ Hisoka
94%
๐Ÿค“๐Ÿš‘๐Ÿฅ๐Ÿ”ชโœŠ๐Ÿป Leorio
85%
๐Ÿ•ท๏ธ๐Ÿ“–๐Ÿ”–โœ๏ธโ˜€๏ธ๐ŸŒ™๐ŸŸ๐Ÿ”ฎ Chrollo
76%
๐Ÿœโ™Ÿ๏ธ๐Ÿ‘‘๐Ÿซ…๐Ÿช– Meruem
70%
๐Ÿ‘ง๐Ÿผ๐Ÿ‘ฉ๐Ÿผ๐Ÿ’ช๐Ÿผ๐ŸŽ€๐Ÿช Biscuit
65%
๐Ÿ‘ด๐Ÿป๐Ÿง˜๐Ÿปโ€โ™‚๏ธ๐Ÿ—ฟโœ‹โœ‹โœ‹โœ‹โœ‹โœ‹๐Ÿ’ฃ Netero
60%
๐Ÿœ๐Ÿ˜ผ๐Ÿงต๐Ÿช† Neferpitou
59%
๐Ÿ•ท๏ธ๐Ÿฅท๐Ÿป๐Ÿ—ก๏ธ๐Ÿ’€โ˜€๏ธ Feitan
55%
๐Ÿ‘๏ธโ€๐Ÿ—จ๏ธ๐Ÿ‘๏ธโ€๐Ÿ—จ๏ธ๐Ÿ“Œ๐ŸงŸ๐ŸงŸ๐ŸงŸ๐Ÿ•ท๏ธ Illumi
54%
๐Ÿ•ท๏ธ๐Ÿ’ช๐Ÿฝ๐Ÿ‘Š๐Ÿฝ๐Ÿ’ฅ Uvogin
51%
๐Ÿ•ท๏ธ๐Ÿค“๐Ÿงน๐ŸŒช๏ธ Shizuku
49%
๐Ÿœ๐Ÿฆ‹๐ŸŽป๐Ÿ˜ตโ€๐Ÿ’ซ Shaiapouf
48%
๐Ÿงข๐Ÿช๐Ÿคก๐ŸŽฒ๐Ÿ”ซโš”๏ธ Kite
45%
๐Ÿ•ท๏ธ๐Ÿฅท๐Ÿป๐Ÿงต๐Ÿชก Machi
42%
๐Ÿœ๐Ÿ˜ก๐ŸŽ๐Ÿชฝ๐Ÿฆ‘ Menthuthuyoupi
40%
๐Ÿ˜Ž๐Ÿšฌ๐Ÿ’จ๐Ÿ’จ๐Ÿ’จ๐ŸŸฃ Morel
38%
๐Ÿค“๐Ÿ’ฃ๐Ÿงจ๐Ÿ’ฅ๐ŸŒบ Genthru
31%
No matching quizzes found
Score Distribution
Percent of People with Each Score
Percentile by Number Answered
Your Score History
You have not taken this quiz